00241nam a2200097Ia 4500008004100000100001900041245004900060260000900109942000800118999001700126190216s9999||||xx |||||||||||||| ||und|| aMohan Rao U S 0aGeneral Knowledge Digest And General Studies bNull cREF c35785d35785